Useful techniques for plant scientists (Record no. 40186)

MARC details
000 -LEADER
fixed length control field 00625nam a2200229Ia 4500
082 ## - DEWEY DECIMAL CLASSIFICATION NUMBER
Classification number 058.08
Item number DHO;1
100 ## - MAIN ENTRY--AUTHOR NAME
Personal name Dhopte, Arvind M
245 #0 - TITLE STATEMENT
Title Useful techniques for plant scientists
260 ## - PUBLICATION, DISTRIBUTION, ETC. (IMPRINT)
Place of publication Akola
Name of publisher Forum for plant Physiologists
Year of publication 1989
650 ## - SUBJECT ADDED ENTRY--TOPICAL TERM
Topical Term Chromosome staining
650 ## - SUBJECT ADDED ENTRY--TOPICAL TERM
Topical Term Drought tolerance
650 ## - SUBJECT ADDED ENTRY--TOPICAL TERM
Topical Term Hydroponics
650 ## - SUBJECT ADDED ENTRY--TOPICAL TERM
Topical Term Microclimate
650 ## - SUBJECT ADDED ENTRY--TOPICAL TERM
Topical Term Microscopy
650 ## - SUBJECT ADDED ENTRY--TOPICAL TERM
Topical Term Photosynthesis
650 ## - SUBJECT ADDED ENTRY--TOPICAL TERM
Topical Term Plant product analysis
650 ## - SUBJECT ADDED ENTRY--TOPICAL TERM
Topical Term Plant stresses
650 ## - SUBJECT ADDED ENTRY--TOPICAL TERM
Topical Term Water potential
700 ## - ADDED ENTRY--PERSONAL NAME
Personal name Livera, Manuel M
942 ## - ADDED ENTRY ELEMENTS (KOHA)
Koha item type Books
Holdings
Withdrawn status Lost status Damaged status Not for loan Home library Current library Date acquired Cost, normal purchase price Full call number Accession Number Koha item type
        RRII Library RRII Library 16/12/2021 140.00 058.08 DHO;1 20493 Books